<?xml version="1.0" encoding="UTF-8"?>
<record
    xmlns:xsi="http://www.w3.org/2001/XMLSchema-instance"
    xsi:schemaLocation="http://www.loc.gov/MARC21/slim http://www.loc.gov/standards/marcxml/schema/MARC21slim.xsd"
    xmlns="http://www.loc.gov/MARC21/slim">

  <leader>01805nam a22002775a 4500</leader>
  <controlfield tag="003">OSt</controlfield>
  <controlfield tag="005">20160921125612.0</controlfield>
  <controlfield tag="008">160921s2015    ua     frb    000 0 ara d</controlfield>
  <datafield tag="015" ind1=" " ind2=" ">
    <subfield code="a">2015/10905</subfield>
  </datafield>
  <datafield tag="020" ind1=" " ind2=" ">
    <subfield code="a">9789771031505</subfield>
  </datafield>
  <datafield tag="040" ind1=" " ind2=" ">
    <subfield code="a">EG-ScBUE</subfield>
    <subfield code="b">ara</subfield>
    <subfield code="c">EG-ScBUE</subfield>
  </datafield>
  <datafield tag="043" ind1=" " ind2=" ">
    <subfield code="a">f-ua---</subfield>
  </datafield>
  <datafield tag="082" ind1="0" ind2="4">
    <subfield code="a">320.557</subfield>
    <subfield code="b">&#x645; &#x635; &#x637;</subfield>
    <subfield code="2">22</subfield>
  </datafield>
  <datafield tag="100" ind1="1" ind2=" ">
    <subfield code="a">&#x645;&#x635;&#x637;&#x641;&#x649;&#x60C; &#x646;&#x64A;&#x641;&#x64A;&#x646; &#x639;&#x628;&#x62F; &#x627;&#x644;&#x62E;&#x627;&#x644;&#x642;.</subfield>
    <subfield code="9">41132</subfield>
  </datafield>
  <datafield tag="245" ind1="1" ind2="4">
    <subfield code="a">&#x627;&#x644;&#x641;&#x643;&#x631; &#x627;&#x644;&#x633;&#x64A;&#x627;&#x633;&#x64A; &#x627;&#x644;&#x625;&#x633;&#x644;&#x627;&#x645;&#x64A; &#x628;&#x64A;&#x646; &#x625;&#x634;&#x643;&#x627;&#x644;&#x64A;&#x627;&#x62A; &#x627;&#x644;&#x645;&#x646;&#x647;&#x62C; &#x648;&#x627;&#x644;&#x633;&#x64A;&#x627;&#x633;&#x629; /</subfield>
    <subfield code="c">&#x646;&#x64A;&#x641;&#x64A;&#x646; &#x639;&#x628;&#x62F; &#x627;&#x644;&#x62E;&#x627;&#x644;&#x642; &#x645;&#x635;&#x637;&#x641;&#x649;.</subfield>
  </datafield>
  <datafield tag="250" ind1=" " ind2=" ">
    <subfield code="a">&#x637;. 1.</subfield>
  </datafield>
  <datafield tag="260" ind1=" " ind2=" ">
    <subfield code="a">&#x627;&#x644;&#x642;&#x627;&#x647;&#x631;&#x629; :</subfield>
    <subfield code="b">&#x62F;&#x627;&#x631; &#x627;&#x644;&#x641;&#x643;&#x631; &#x627;&#x644;&#x639;&#x631;&#x628;&#x64A;&#x60C;</subfield>
    <subfield code="c">2015.</subfield>
  </datafield>
  <datafield tag="300" ind1=" " ind2=" ">
    <subfield code="a">368 &#x635;. &#x61B;</subfield>
    <subfield code="c">24 &#x633;&#x645;.</subfield>
  </datafield>
  <datafield tag="504" ind1=" " ind2=" ">
    <subfield code="a">&#x64A;&#x634;&#x62A;&#x645;&#x644; &#x639;&#x644;&#x649; &#x625;&#x631;&#x62C;&#x627;&#x639;&#x627;&#x62A; &#x628;&#x628;&#x644;&#x64A;&#x648;&#x62C;&#x631;&#x627;&#x641;&#x64A;&#x629;.</subfield>
  </datafield>
  <datafield tag="520" ind1="0" ind2=" ">
    <subfield code="a">&#x647;&#x630;&#x627; &#x627;&#x644;&#x643;&#x62A;&#x627;&#x628; &#x647;&#x648; &#x62A;&#x644;&#x628;&#x64A;&#x629; &#x644;&#x62D;&#x627;&#x62C;&#x629; &#x627;&#x644;&#x642;&#x627;&#x631;&#x626; &#x648;&#x627;&#x644;&#x62F;&#x627;&#x631;&#x633; &#x627;&#x644;&#x628;&#x627;&#x62D;&#x62B; &#x641;&#x64A; &#x627;&#x644;&#x634;&#x623;&#x646; &#x627;&#x644;&#x633;&#x64A;&#x627;&#x633;&#x64A; &#x627;&#x644;&#x625;&#x633;&#x644;&#x627;&#x645;&#x64A; &#x645;&#x646; &#x62D;&#x64A;&#x62B; :
1- &#x627;&#x644;&#x62A;&#x639;&#x631;&#x641; &#x639;&#x644;&#x649; &#x627;&#x644;&#x641;&#x643;&#x631; &#x627;&#x644;&#x633;&#x64A;&#x627;&#x633;&#x64A; &#x627;&#x644;&#x625;&#x633;&#x644;&#x627;&#x645;&#x64A; &#x648;&#x645;&#x635;&#x637;&#x644;&#x62D;&#x627;&#x62A;&#x647; &#x648;&#x645;&#x646;&#x627;&#x647;&#x62C;&#x647; &#x648;&#x625;&#x637;&#x627;&#x631;&#x647; &#x627;&#x644;&#x645;&#x631;&#x62C;&#x639;&#x64A;.
2- &#x641;&#x647;&#x645; &#x627;&#x644;&#x638;&#x627;&#x647;&#x631;&#x629; &#x627;&#x644;&#x633;&#x64A;&#x627;&#x633;&#x64A;&#x629; &#x627;&#x644;&#x625;&#x633;&#x644;&#x627;&#x645;&#x64A;&#x629; &#x628;&#x64A;&#x646; &#x627;&#x644;&#x645;&#x627;&#x636;&#x64A; &#x648;&#x627;&#x644;&#x62D;&#x627;&#x636;&#x631;&#x60C; &#x643;&#x645;&#x627; &#x64A;&#x639;&#x631;&#x641; &#x628;&#x627;&#x644;&#x645;&#x641;&#x647;&#x648;&#x645; &#x627;&#x644;&#x625;&#x633;&#x644;&#x627;&#x645;&#x64A; &#x648;&#x645;&#x639;&#x64A;&#x627;&#x631; &#x627;&#x644;&#x625;&#x633;&#x644;&#x627;&#x645;&#x64A;&#x629;
3- &#x634;&#x631;&#x62D; &#x623;&#x635;&#x648;&#x644; &#x647;&#x630;&#x627; &#x627;&#x644;&#x641;&#x643;&#x631; &#x648;&#x646;&#x638;&#x631;&#x64A;&#x627;&#x62A;&#x647; &#x648;&#x627;&#x62A;&#x62C;&#x627;&#x647;&#x627;&#x62A;&#x647; &#x627;&#x644;&#x645;&#x62A;&#x639;&#x62F;&#x62F;&#x629;&#x60C; &#x627;&#x644;&#x62F;&#x64A;&#x646;&#x64A;&#x629; &#x648;&#x627;&#x644;&#x641;&#x642;&#x647;&#x64A;&#x629; &#x641;&#x636;&#x644;&#x627; &#x639;&#x646; &#x627;&#x644;&#x641;&#x644;&#x633;&#x641;&#x64A;&#x629; &#x648;&#x627;&#x644;&#x633;&#x644;&#x648;&#x643;&#x64A;&#x629; &#x627;&#x644;&#x623;&#x62E;&#x644;&#x627;&#x642;&#x64A;&#x629; &#x645;&#x646;&#x647;&#x627; &#x648;&#x627;&#x644;&#x635;&#x648;&#x641;&#x64A;&#x629;.
4- &#x628;&#x64A;&#x627;&#x646; &#x645;&#x631;&#x627;&#x62D;&#x644; &#x62A;&#x637;&#x648;&#x631; &#x647;&#x630;&#x627; &#x627;&#x644;&#x641;&#x643;&#x631; &#x648;&#x627;&#x644;&#x62A;&#x639;&#x631;&#x636; &#x644;&#x628;&#x62D;&#x62B; &#x645;&#x633;&#x62A;&#x642;&#x628;&#x644; &#x644;&#x645;&#x627; &#x64A;&#x639;&#x631;&#x641; &#x628; "&#x627;&#x644;&#x625;&#x633;&#x644;&#x627;&#x645; &#x627;&#x644;&#x633;&#x64A;&#x627;&#x633;&#x64A;".</subfield>
  </datafield>
  <datafield tag="650" ind1=" " ind2="7">
    <subfield code="a">&#x627;&#x644;&#x625;&#x633;&#x644;&#x627;&#x645; &#x648;&#x627;&#x644;&#x633;&#x64A;&#x627;&#x633;&#x629;.</subfield>
    <subfield code="2">BUEsh</subfield>
    <subfield code="9">13370</subfield>
  </datafield>
  <datafield tag="650" ind1=" " ind2="7">
    <subfield code="a">&#x627;&#x644;&#x625;&#x633;&#x644;&#x627;&#x645; &#x648;&#x627;&#x644;&#x625;&#x635;&#x644;&#x627;&#x62D; &#x627;&#x644;&#x633;&#x64A;&#x627;&#x633;&#x64A;.</subfield>
    <subfield code="2">BUEsh</subfield>
    <subfield code="9">41133</subfield>
  </datafield>
  <datafield tag="651" ind1=" " ind2=" ">
    <subfield code="2">BUEsh</subfield>
  </datafield>
  <datafield tag="653" ind1=" " ind2=" ">
    <subfield code="b">LLAAWW</subfield>
    <subfield code="c">September2016</subfield>
  </datafield>
  <datafield tag="942" ind1=" " ind2=" ">
    <subfield code="2">ddc</subfield>
  </datafield>
  <datafield tag="999" ind1=" " ind2=" ">
    <subfield code="c">22369</subfield>
    <subfield code="d">22341</subfield>
  </datafield>
  <datafield tag="952" ind1=" " ind2=" ">
    <subfield code="0">0</subfield>
    <subfield code="1">0</subfield>
    <subfield code="2">ddc</subfield>
    <subfield code="4">0</subfield>
    <subfield code="7">0</subfield>
    <subfield code="8">dar elfekr</subfield>
    <subfield code="a">MAIN</subfield>
    <subfield code="b">MAIN</subfield>
    <subfield code="c">1ST</subfield>
    <subfield code="d">2016-09-21</subfield>
    <subfield code="e">Purchase</subfield>
    <subfield code="g">92.00</subfield>
    <subfield code="h">15884</subfield>
    <subfield code="o">320.557 &#x645; &#x635; &#x637;</subfield>
    <subfield code="p">000033623</subfield>
    <subfield code="r">2025-07-15 00:00:00</subfield>
    <subfield code="v">115.00</subfield>
    <subfield code="y">BB</subfield>
  </datafield>
  <datafield tag="952" ind1=" " ind2=" ">
    <subfield code="0">0</subfield>
    <subfield code="1">0</subfield>
    <subfield code="2">ddc</subfield>
    <subfield code="4">0</subfield>
    <subfield code="7">0</subfield>
    <subfield code="8">dar elfekr</subfield>
    <subfield code="a">MAIN</subfield>
    <subfield code="b">MAIN</subfield>
    <subfield code="c">1ST</subfield>
    <subfield code="d">2016-09-21</subfield>
    <subfield code="e">Purchase</subfield>
    <subfield code="g">92.00</subfield>
    <subfield code="h">15884</subfield>
    <subfield code="o">320.557 &#x645; &#x635; &#x637;</subfield>
    <subfield code="p">000033624</subfield>
    <subfield code="r">2025-07-15 00:00:00</subfield>
    <subfield code="s">2021-06-22</subfield>
    <subfield code="v">115.00</subfield>
    <subfield code="y">BB</subfield>
  </datafield>
</record>
